<?xml version="1.0" encoding="UTF-8"?>
<record
    xmlns:xsi="http://www.w3.org/2001/XMLSchema-instance"
    xsi:schemaLocation="http://www.loc.gov/MARC21/slim http://www.loc.gov/standards/marcxml/schema/MARC21slim.xsd"
    xmlns="http://www.loc.gov/MARC21/slim">

  <leader>01066nam a22003011c 4500</leader>
  <controlfield tag="001">558630650</controlfield>
  <controlfield tag="008">111118s2008    gw ||||        000u ger d</controlfield>
  <datafield tag="020" ind1=" " ind2=" ">
    <subfield code="a">9783825811</subfield>
    <subfield code="9">978-3-8258-11</subfield>
  </datafield>
  <datafield tag="041" ind1=" " ind2=" ">
    <subfield code="a">ger</subfield>
  </datafield>
  <datafield tag="245" ind1="0" ind2="0">
    <subfield code="a">Vorl&#xE4;ufiges Findbuch Sekretariate der Stellvertreter des Ministers Neiber, Mittig und Schwanitz im Ministerium f&#xFC;r Staatssicherheit der DDR /</subfield>
    <subfield code="c">Elisabeth Larssen, Jana Florczak. Abteilung Archivbest&#xE4;nde der BStU</subfield>
  </datafield>
  <datafield tag="264" ind1=" " ind2=" ">
    <subfield code="a">Berlin :</subfield>
    <subfield code="b">Lit,</subfield>
    <subfield code="c">2008</subfield>
  </datafield>
  <datafield tag="300" ind1=" " ind2=" ">
    <subfield code="a">XLI, 358 S.</subfield>
  </datafield>
  <datafield tag="600" ind1=" " ind2="0">
    <subfield code="a">Neiber, Gerhard</subfield>
  </datafield>
  <datafield tag="600" ind1=" " ind2="0">
    <subfield code="a">Mittig, Rudi</subfield>
  </datafield>
  <datafield tag="600" ind1=" " ind2="0">
    <subfield code="a">Schwanitz, Wolfgang</subfield>
  </datafield>
  <datafield tag="600" ind1=" " ind2="0">
    <subfield code="a">Opposition</subfield>
  </datafield>
  <datafield tag="650" ind1=" " ind2="0">
    <subfield code="a">MfS</subfield>
  </datafield>
  <datafield tag="650" ind1=" " ind2="0">
    <subfield code="a">Stasi</subfield>
  </datafield>
  <datafield tag="650" ind1=" " ind2="0">
    <subfield code="a"></subfield>
  </datafield>
  <datafield tag="655" ind1=" " ind2="0">
    <subfield code="a">Findmittel</subfield>
  </datafield>
  <datafield tag="700" ind1="1" ind2=" ">
    <subfield code="a">Larssen, Elisabeth</subfield>
    <subfield code="e">HerausgeberIn</subfield>
  </datafield>
  <datafield tag="700" ind1="1" ind2=" ">
    <subfield code="a">Florczak, Jana</subfield>
    <subfield code="e">HerausgeberIn</subfield>
  </datafield>
  <datafield tag="710" ind1="2" ind2=" ">
    <subfield code="a">Deutschland. Der Bundesbeauftragte f&#xFC;r die Unterlagen des Staatssicherheitsdienstes der Ehemaligen Deutschen Demokratischen Republik</subfield>
  </datafield>
  <datafield tag="942" ind1=" " ind2=" ">
    <subfield code="c">MG</subfield>
  </datafield>
  <datafield tag="040" ind1=" " ind2=" ">
    <subfield code="c">RU-10907106</subfield>
  </datafield>
  <controlfield tag="003">RU-10907106</controlfield>
  <datafield tag="999" ind1=" " ind2=" ">
    <subfield code="c">27377</subfield>
    <subfield code="d">27377</subfield>
  </datafield>
  <datafield tag="490" ind1=" " ind2="0">
    <subfield code="a">Archiv zur DDR-Staatssicherheit</subfield>
    <subfield code="v">10</subfield>
  </datafield>
  <datafield tag="952" ind1=" " ind2=" ">
    <subfield code="0">0</subfield>
    <subfield code="1">0</subfield>
    <subfield code="2">z</subfield>
    <subfield code="4">0</subfield>
    <subfield code="7">0</subfield>
    <subfield code="a">DHIM</subfield>
    <subfield code="b">DHIM</subfield>
    <subfield code="c">GEN-1</subfield>
    <subfield code="d">2011-11-18</subfield>
    <subfield code="i">12-01719</subfield>
    <subfield code="o">D 54 hd Lar</subfield>
    <subfield code="p">E0040150790851F0</subfield>
    <subfield code="r">2021-02-23 00:00:00</subfield>
    <subfield code="w">2021-03-22</subfield>
    <subfield code="y">MG</subfield>
  </datafield>
</record>
